00313nam a2200109Ia 4500008004000000082001600040100003200056245007100088260002600159300000800185650001000193210210b2002 xxu||||| |||| 00| 0 eng d a305.56 JACR aJACOB (T G) and BANDHU (P). aReflections on the caste question: dalit situation in south india. aBangalorebNesac2002 a357 aDalit